000 00305nam a22001217a 4500
005 20250909101933.0
008 250909b |||||||| |||| 00| 0 eng d
100 _aLIARDON ROBERTS
245 _aTHE PRICE OF SPIRITUAL POWER
260 _aTULSA
_bHARRISON HOUSE
_cc1987
300 _a39p
942 _2lcc
_cBK
_n0
999 _c7488
_d7488